| 000 | 00478nam a2200145 a 4500 | ||
|---|---|---|---|
| 001 | 000039350 | ||
| 005 | 20201002031616.0 | ||
| 008 | 130625s2002 dr a 000 0 spa d | ||
| 040 |
_aDO-SdBNP _bspa _cBNPHU |
||
| 100 | 1 |
_aAybar Muñoz, Argelia R. _964930 |
|
| 245 | 1 | 0 |
_aEmbriología : _bguía para el laboratorio / _cArgelia R. Aybar Muñoz. |
| 260 |
_aSantiago, República Dominicana : _bNani, _c2002. |
||
| 300 |
_a102 p. : _bils. ; _c29 cm. |
||
| 504 | _aBibliografía : p. 101-102 | ||
| 999 |
_c38840 _d38840 |
||